Historia de la esclavitud de la raza africana en el nuevo mundo y en especial en los paises americo-hispanos /

Saved in:
Bibliographic Details
Main Author: Saco, José Antonio, 1797-1879
Format: Book
Language:English
Published: Habana : Cultural, 1938-.
Series:Colección de libros cubanos ; v.37 v38
Subjects:
LEADER 01454nam a2200277 i 4500
001 c000253435
003 CARM
005 00000000000000.0
008 840828s1938 cu 0 eng d
019 1 |a 9228655  |5 LACONCORD2021 
035 |a (OCoLC)1581991  |5 LACONCORD2021 
082 0 4 |a 326.098 
100 1 |a Saco, José Antonio,  |d 1797-1879. 
245 1 0 |a Historia de la esclavitud de la raza africana en el nuevo mundo y en especial en los paises americo-hispanos /  |c por Jose Antonio Saco ; con documentos y juicios de F. Arango y Parreno ....[et al] prologo por Fenando Ortiz. 
260 |a Habana :  |b Cultural,  |c 1938-. 
300 |a v. 
440 0 |a Colección de libros cubanos ;  |v v.37 v38 
500 |a "Los presentes volumenes referentes a la esclavitud negro formaron los tomos IV y V de la gran obra de Saco ["Historia de la esclavitud desde los tiempos mas remotos hasta nuestros dias"] - Prologo, v.1, p.xlix. 
650 0 |a Slavery  |z Latin America. 
650 0 |a Blacks  |z Latin America. 
651 0 |a Spain  |x Colonies  |x Administration. 
852 8 |b CARM  |h A2:AK37G0  |i B07702  |p 0336427  |f BK 
852 8 |b CARM  |h A2:AK37G0  |i B07702  |p 0336438  |f BK 
999 f f |i a6c379be-d31c-5466-b893-23afd7f229bb  |s 2b6af657-3c14-5b3e-8123-a11b0199ca34 
952 f f |p Can circulate  |a CAVAL  |b CAVAL  |c CAVAL  |d CARM 1 Store  |e B07702  |f A2:AK37G0  |h Other scheme  |i book  |j v.1  |m 0336438 
952 f f |p Can circulate  |a CAVAL  |b CAVAL  |c CAVAL  |d CARM 1 Store  |e B07702  |f A2:AK37G0  |h Other scheme  |i book  |j v.2  |m 0336427